000 00964nam a22002657a 4500
005 20240924142902.0
008 t sp d gr|||| 00| 0 spa|d
020 _a8481554308
050 0 4 _aHG930.5
_bP47 1999
100 1 _aPérez-Bustamante, Rogelio
245 1 3 _aLa unión económica y monetaria en Europa
_b : una introducción histórica 1969-1998
_c / Rogelio Pérez-Bustamante y Javier Wrana.
250 _a1a ed.
260 _aMadrid :
_bDykinson,
_c1999
300 _a557 p. ;
_c25 cm.
490 0 _aUnión Europea.
_aEstudios y documentos ;
_v2
500 _aTapa dura
504 _aBibliografía: p. 47-58.
504 _aIncluye índices.
650 4 _aUniones monetarias
_zPaíses europeos de la unión.
650 4 _aUnión Europea
_aAspectos políticos.
650 _aUnión Europea
_aPolítica
_a1969-1998.
650 _aUnión económica Europea
_aHistoria
_a1969/1998.
700 1 _aWrana, Javier
_eautor
942 _2lcc
_cLIB
999 _c112612
_d112612